Statistics for Top 100 NBA Scorers 2010s

Click here to take the quiz!

General Stats

  • This quiz has been taken 1,474 times
  • The average score is 58 of 100

Answer Stats

RkPlayerTeamPTS% Correct
3James HardenHOU18 627
100%
1LeBron JamesCLE19 550
100%
11Damian LillardPOR12 909
99%
2Kevin DurantOKC19 445
99%
4Russell WestbrookOKC17 603
99%
5Stephen CurryGSW16 315
99%
66David WestIND8 207
98%
12Dirk NowitzkiDAL12 476
95%
9Dwyane WadeMIA13 243
95%
15Klay ThompsonGSW11 995
95%
8Carmelo AnthonyNYK14 783
94%
17Chris PaulLAC11 770
94%
10Blake GriffinLAC13 200
92%
7DeMar DeRozanTOR14 931
92%
16Paul GeorgeIND11 983
92%
20Kyrie IrvingCLE11 294
90%
27Marc GasolMEM10 946
90%
38Pau GasolLAL9 892
89%
48Jeff GreenBOS9 192
88%
13Kemba WalkerCHA12 009
87%
25Anthony DavisNOP11 059
85%
14DeMarcus CousinsSAC12 006
83%
64Kawhi LeonardSAS8 250
83%
28Kyle LowryTOR10 924
82%
6LaMarcus AldridgePOR15 213
82%
29John WallWAS10 879
81%
24Dwight HowardORL11 079
80%
41Bradley BealWAS9 684
79%
31Mike ConleyMEM10 340
78%
77DeAndre JordanLAC7 608
77%
19Brook LopezBRK11 346
76%
56Jimmy ButlerCHI8 730
76%
59Chris BoshMIA8 592
74%
51Derrick RoseCHI8 920
74%
55Giannis AntetokounmpoMIL8 745
74%
39Kobe BryantLAL9 823
73%
46Tony ParkerSAS9 254
73%
22Kevin LoveMIN11 107
72%
85Tim DuncanSAS7 250
72%
87Karl-Anthony TownsMIN7 187
70%
42Al HorfordATL9 498
67%
54Deron WilliamsBRK8 776
67%
26Lou WilliamsLAC11 028
67%
92Marvin WilliamsCHA7 081
67%
35Zach RandolphMEM10 118
67%
82CJ McCollumPOR7 328
64%
34Jrue HolidayNOP10 148
63%
96Manu GinóbiliSAS6 999
63%
90Andre IguodalaGSW7 151
62%
23Paul MillsapATL11 080
61%
71Paul PierceBOS7 794
60%
72Andrew WigginsMIN7 768
59%
47Eric GordonHOU9 245
58%
91Khris MiddletonMIL7 129
56%
45Serge IbakaOKC9 298
55%
50Isaiah ThomasBOS9 020
54%
73Josh SmithATL7 734
54%
69J.R. SmithNYK7 967
54%
21Monta EllisGSW11 142
54%
49Jeff TeagueATL9 049
53%
40Joe JohnsonATL9 708
53%
62Nikola VučevićORL8 411
52%
88Vince CarterDAL7 176
52%
76Andre DrummondDET7 661
51%
52Gordon HaywardUTA8 904
51%
32Thaddeus YoungPHI10 289
49%
30Jamal CrawfordLAC10 344
48%
36J.J. RedickLAC10 010
48%
83Harrison BarnesDAL7 322
45%
94Victor OladipoORL7 028
45%
18Rudy GayMEM11 490
44%
74George HillIND7 726
39%
33Goran DragićMIA10 175
39%
61Tobias HarrisORL8 435
38%
95Courtney LeeMEM7 012
36%
67David LeeGSW8 097
36%
65Luol DengCHI8 238
34%
68Eric BledsoePHO8 034
32%
57Trevor ArizaHOU8 633
30%
75Marcin GortatWAS7 694
29%
43Al JeffersonUTA9 415
27%
44Tyreke EvansSAC9 347
26%
60Danilo GallinariDEN8 550
25%
58Nicolas BatumPOR8 613
24%
98Ty LawsonDEN6 977
21%
70Brandon JenningsMIL7 801
20%
84Derrick FavorsUTA7 320
20%
80Ryan AndersonNOP7 509
20%
37Wesley MatthewsDAL9 899
19%
53Darren CollisonIND8 857
17%
63Greg MonroeDET8 326
15%
89Kevin MartinHOU7 172
15%
86Taj GibsonCHI7 239
15%
99Enes KanterOKC6 946
13%
93D.J. AugustinORL7 078
12%
79Marco BelinelliSAS7 542
8%
81Ersan İlyasovaMIL7 483
7%
97Luis ScolaHOU6 991
7%
78Arron AfflaloDEN7 559
6%
100C.J. MilesIND6 910
3%

Score Distribution

Percentile by Number Answered

Percent of People with Each Score

Your Score History

You have not taken this quiz